Aký bol víkendový Klikkfest

Bibliographic Details
Main Author: Sitzer, Jozef (Author)
Format: Article
Language:Slovak
ISSN:1335-440X
Subjects:

MARC

LEADER 00000nab a2200000 a 4500
001 vtls008943711
003 SK-MaSNL
005 20260303070924.0
008 140512c2006 xo dr|p|||||||000 b|slo
015 |a SNBRB2007/02  |2 snkbucl 
038 |a SNKBUCL 
040 |a SNKBUCL  |b slo  |c SNKBUCL  |e AACR2 
041 |a slo 
044 |a xo  |c SK 
080 |a 78.079:784.66  |2 2001 
100 1 |a Sitzer, Jozef  |4 aut  |9 1068965 
245 1 0 |a Aký bol víkendový Klikkfest  |c Jozef Sitzer 
611 2 7 |a Klikkfest  |n (13. :  |d 2006 :  |c Nové Zámky, Slovensko)  |2 snkbucl  |9 1068966 
651 7 |a Nové Zámky (Slovensko)  |2 snkbucl  |9 15884 
773 0 |t Sme. Práca  |g Roč. 15, č. 159 (12.7.2006)  |x 1335-440X 
773 0 8 |t Kultúra  |g (12.7.2006), s. 26 
852 |a SNK  |b KIS3GCP 
958 |a SK 
999 |c 1757532  |d 1759462